Statistiche per Riconosci il Trasferimento - Quiz n°23

Clicka qui per fare il quiz!

Statistiche generali

  • Questo quiz è stato fatto 141 volte
  • Il punteggio medio è 13 su 20

Statistiche sulle risposte

RuoloNazioneTrasferimentiCalciatore% Corretto
AttaccanteUruguayDanubio 2005 - Palermo 2007 - Napoli 2010 - Paris Saint-Germain 2013 - Manchester United 2020 - Valencia 2022Edinson Cavani
98%
PortiereCosta RicaSaprissa 2005 - Albacete 2010 - Levante 2011 - Real Madrid 2014 - Paris Saint-Germain 2019 - Nottingham Forest 2023Keylor Navas
93%
AttaccanteCroaziaMarsonia 2004 - NK Zagabria 2005 - Dinamo Zagabria 2007 - Wolfsburg 2012 - Bayern Monaco 2012 - Atletico Madrid 2014 - Juventus 2015 - Al-Duhail 2020 - Milan 2021Mario Mandžukić
87%
AttaccanteItaliaTorino 1999 - Florentia Viola 2002 - Chieti 2003 - Torino 2004 - Ascoli 2005 - Sampdoria 2006 - Udinese 2007 - Napoli 2009 - Juventus 2010 - Torino 2014 - Sampdoria 2016Fabio Quagliarella
85%
CentrocampistaSlovacchiaAS Trenčín 2011 - Jong Ajax 2013 - AS Trenčín 2014 - Nordsjælland 2015 - Celta Vigo 2017 - Napoli 2020Stanislav Lobotka
83%
AttaccanteAngolaAcadémica 2015 - Sertanensea 2015 - Virtus Francavilla 2016 - Carpi 2017 - Trapani 2018 - Spezia 2020M'Bala Nzola
78%
AttaccanteMontenegroPartizan Belgrado 2006 - Fiorentina 2008 - Manchester City 2013 - Inter 2015 - Siviglia 2017 - Monaco 2017 - Hertha Berlino 2021Stevan Jovetić
75%
CentrocampistaSvizzera / CroaziaBasilea 2005 - Schalke 04 2007 - Siviglia 2011 - Barcellona 2014 - Siviglia 2020Ivan Rakitić
73%
CentrocampistaGermaniaStoccarda II 2004 - Stoccarda 2006 - Real Madrid 2010 - Juventus 2015 - Hertha Berlino 2021Sami Khedira
71%
Difensore / CentrocampistaBrasileAtlético Paranaense 2002 - Shakhtar Donetsk 2005 - Manchester City 2013 - Atlético Paranaense 2022Fernandinho
69%
DifensoreSerbiaČukarički Stankom 2004 - OFK Belgrado 2006 - Lazio 2007 - Manchester City 2010 - Roma 2017 - Inter 2020Aleksandar Kolarov
64%
DifensoreBosniaSchalke 04 II 2012 - Schalke 04 2012 - Arsenal 2017 - Schalke 04 2020 - Arsenal 2021 - Olympique Marsiglia 2022Sead Kolašinac
58%
AttaccantePaesi BassiJong PSV 2015 - PSV 2016 - Heerenveen 2018 - PSV 2019 - Atalanta 2020 - Eintracht Francoforte 2021 - Empoli 2022 - Sampdoria 2023Sam Lammers
54%
DifensoreAlbaniaHellas Verona 2017 - Italia 2020Marash Kumbulla
53%
DifensoreFranciaLa Havre 2011 - Olympique Marsiglia 2013 - Monaco 2016 - Manchester City 2017Benjamin Mendy
52%
AttaccanteItaliaMilan 1997 - Modena 1998 - Prato 1998 - Varese 1999 - Prato 1999 - Empoli 2000 - Middlesbrough 2002 - Parma 2004 - Siena 2005 - Middlesbrough 2005 - Siena 2007 - Palermo 2010 - Sampdoria 2011 - Empoli 2012 - Brisbane Roar 2017 - Carrarese 2018Massimo Maccarone
51%
PortiereArgentinaEstudiantes 2012 - Depo. Maldonado 2014 - Real Sociedad 2014 - Montpellier 2019 - Villarreal 2020 - Ajax 2023Gerónimo Rulli
49%
CentrocampistaSpagna / Guinea EquatorialeSampdoria 2010 - West Ham Utd 2015 - Sassuolo 2019Pedro Obiang
49%
Centrocampista / AttaccanteUcrainaŠachtar-3 2011 - Sevastopol' 2013 - Zorja 2013 - Genk 2016 - Atalanta 2019 - Olympique Marsiglia 2023Ruslan Malinovs'kyj
42%
CentrocampistaInghilterraArsenal 2008 - Bolton 2009 - Arsenal 2010 - Bournemouth 2016 - Arsenal 2017 - West Ham Utd 2018 - Bournemouth 2020 - Aarhus 2021Jack Wilshere
30%

Distribuzione punteggi

Percentile per numero di risposta

Percentuale di utenti per punteggio

I tuoi punteggi nel tempo

Non hai fatto questo quiz